| 000 -LEADER |
| fixed length control field |
00917aam a2200277 a 4500 |
| 020 ## - INTERNATIONAL STANDARD BOOK NUMBER |
| ISBN |
971561437X |
| 020 ## - INTERNATIONAL STANDARD BOOK NUMBER |
| ISBN |
971561440X |
| 020 ## - INTERNATIONAL STANDARD BOOK NUMBER |
| ISBN |
9715614361 |
| 020 ## - INTERNATIONAL STANDARD BOOK NUMBER |
| ISBN |
9715614426 |
| 020 ## - INTERNATIONAL STANDARD BOOK NUMBER |
| ISBN |
9715614353 |
| 020 ## - INTERNATIONAL STANDARD BOOK NUMBER |
| ISBN |
9715614388 |
| 020 ## - INTERNATIONAL STANDARD BOOK NUMBER |
| ISBN |
9715614418 |
| 040 ## - CATALOGING SOURCE |
| Transcribing agency |
DLC |
| 082 ## - DEWEY DECIMAL CLASSIFICATION NUMBER |
| Classification number |
333 IND 2002 C023 Or. |
| 245 00 - TITLE STATEMENT |
| Title |
Indigenous peoples/ethnic minorities and poverty reduction |
| 260 ## - PUBLICATION, DISTRIBUTION, ETC. (IMPRINT) |
| Place of publication |
Manila, Philippines : |
| Name of publisher |
Environment and Social Safeguard Division, Regional and Sustainable Development Dept., Asian Development Bank, |
| Year of publication |
c2002 |
| 300 ## - PHYSICAL DESCRIPTION |
| Number of Pages |
7 v. : |
| Other physical details |
col. maps ; |
| Dimensions |
28 cm |
| 500 ## - GENERAL NOTE |
| General note |
"June 2002." |
| 500 ## - GENERAL NOTE |
| General note |
"Publication stock no. 030602, no. 030902, no. 030502, no. 031102, no. 030402, no. 030702, no. 031002"--T.p. verso |
| 650 #0 - SUBJECT ADDED ENTRY--TOPICAL TERM |
| Topical Term |
Indigenous peoples |
| 650 #0 - SUBJECT ADDED ENTRY--TOPICAL TERM |
| Topical Term |
Poverty |
| 650 #0 - SUBJECT ADDED ENTRY--TOPICAL TERM |
| Topical Term |
Indigenous peoples |
| 650 #0 - SUBJECT ADDED ENTRY--TOPICAL TERM |
| Topical Term |
Poverty |
| 710 2# - ADDED ENTRY--CORPORATE NAME |
| Corporate name or jurisdiction name as entry element |
Asian Development Bank. |
| 942 ## - ADDED ENTRY ELEMENTS (KOHA) |
| Koha item type |
ADB |
| 952 ## - LOCATION AND ITEM INFORMATION (KOHA) |
| Withdrawn status [LOCAL, KOHA] |
0 |